zpět

Detail výsledku týmu

Pekelná Husa, Klatovy

Datum a čas kvízu

20 Celkem bodů Celkový počet nahraných bodů na tomto kvízu bez doplňovacích otázek.
10. Pořadí na kvízu Konečné umístění týmu na tomto kvízu.

Zaznamenané odpovědi

# Otázka Odpověď Body Výsledky
1. Ve kterém středočeském městě s... v Berouně 0
2. Jak se jmenovala ponorka, kter... Titan 1
3. Minulý týden byl potvrzen posl... Robin Wright 1
4. Estonský start-up Bolt, který... rozvoz jídel pomocí robotů (samořidících vozítek) 0
5. Čeští reprezentanti Jan Veselý... Barcelona, 20. titul 0.5
6. Toto sladké téma otevřeme hist... strdí 0
7. Včely nám odpradávna poskytují... mateří kašička 1
8. Med vyrábějí včely, případně j... medovicový 1
9. Napadlo vás, proč vlastně včel... dýmák 0
10. Kde je med, ví nejlépe medvěd.... 1 C, 2 D, 3 B, 4 A 0